Baracche : (Record n. 108657)

Dettagli MARC
000 -LEADER
fixed length control field 01338cam a22003494a 4500
001 - CONTROL NUMBER
control field 14796759
003 - CONTROL NUMBER IDENTIFIER
control field IT-RoPau
005 - DATE AND TIME OF LATEST TRANSACTION
control field 20220918181312.0
008 - FIXED-LENGTH DATA ELEMENTS--GENERAL INFORMATION
fixed length control field 070319s2007 it a 000 0dita d
010 ## - LIBRARY OF CONGRESS CONTROL NUMBER
LC control number 2007356874
020 ## - INTERNATIONAL STANDARD BOOK NUMBER
International Standard Book Number 9788851800796 :
Terms of availability 14.50 EUR
035 ## - SYSTEM CONTROL NUMBER
System control number (ItFiC)it 07040393
040 ## - CATALOGING SOURCE
Original cataloging agency ItFiC
Transcribing agency ItFiC
Modifying agency DLC
042 ## - AUTHENTICATION CODE
Authentication code lccopycat
043 ## - GEOGRAPHIC AREA CODE
Geographic area code e-it---
-- e-gx---
050 00 - LIBRARY OF CONGRESS CALL NUMBER
Classification number D805.G3
Item number D525 2007
100 1# - MAIN ENTRY--PERSONAL NAME
Personal name Dietrich, Alessandro,
Dates associated with a name 1916-1985.
9 (RLIN) 35772
245 10 - TITLE STATEMENT
Title Baracche :
Remainder of title appunti di prigionia, 1944-1945 /
Statement of responsibility, etc. Alessandro Dietrich.
250 ## - EDITION STATEMENT
Edition statement 1. ed.
260 ## - PUBLICATION, DISTRIBUTION, ETC. (IMPRINT)
Place of publication, distribution, etc. Milano (Italy) :
Name of publisher, distributor, etc. Sironi,
Date of publication, distribution, etc. 2007.
300 ## - PHYSICAL DESCRIPTION
Extent 218 p. :
Other physical details ill. ;
Dimensions 20 cm.
440 #0 - SERIES STATEMENT/ADDED ENTRY--TITLE
Title Indicativo presente ;
Volume/sequential designation 36
9 (RLIN) 35773
600 10 - SUBJECT ADDED ENTRY--PERSONAL NAME
Personal name Dietrich, Alessandro,
Dates associated with a name 1916-1985
Form subdivision Diaries.
9 (RLIN) 35774
650 #0 - SUBJECT ADDED ENTRY--TOPICAL TERM
Topical term or geographic name as entry element World War, 1939-1945
General subdivision Prisoners and prisons, German.
9 (RLIN) 35775
650 #0 - SUBJECT ADDED ENTRY--TOPICAL TERM
Topical term or geographic name as entry element World War, 1939-1945
Form subdivision Personal narratives, Italian.
9 (RLIN) 35776
650 #0 - SUBJECT ADDED ENTRY--TOPICAL TERM
Topical term or geographic name as entry element Prisoners of war
Geographic subdivision Italy
Form subdivision Diaries.
9 (RLIN) 35777
650 #0 - SUBJECT ADDED ENTRY--TOPICAL TERM
Topical term or geographic name as entry element Prisoners of war
Geographic subdivision Germany
Form subdivision Diaries.
9 (RLIN) 35778
856 41 - ELECTRONIC LOCATION AND ACCESS
Materials specified Table of contents
Uniform Resource Identifier <a href="http://www.loc.gov/catdir/toc/casalini05/07040393.pdf">http://www.loc.gov/catdir/toc/casalini05/07040393.pdf</a>
906 ## - LOCAL DATA ELEMENT F, LDF (RLIN)
a 7
b cbc
c copycat
d u
e ncip
f 20
g y-gencatlg
942 ## - ADDED ENTRY ELEMENTS (KOHA)
Source of classification or shelving scheme Dewey Decimal Classification
Koha item type LIBRO

Nessuna copia disponibile.

CREDITS: SOCIETA' SAN PAOLO Via A.Severo, 58 - ROMA (RM) & PERIODICI SAN PAOLO SRL Via Giotto, 36 MILANO & CISF Via Giotto, 36 MILANO & EDIZIONI SAN PAOLO SRL,  Piazza Soncino, 5 CINISELLO BALSAMO (MI) -- ITALY